000 00932nas a2200289 4500
001 BR0100373
003 BR-BrBNA
005 20231205102037.0
007 ta
008 230509b bl.|||p| |||| 00| 00por d
040 _aBR-BrBNA
_bpor
_cBiblioteca Nacional de Agricultura
041 _a(Pt)
072 _aL53
100 1 _aKavamoto, E.T.
100 1 _aBarnabe, V.H.
100 1 _aCampos, B. do E.S. de
100 1 _aAndrade-Talmelli, E.F. de
245 1 _aAnormalidades morfologicas nos espermatozoides do curimbata, Prochilodus scrofa (Steindachner, 1881)(Osteichthyes, characiformes, Prochilodontidae)
650 _aCurimbata
650 _aEspermatozoide
650 _aInducao
650 _aHormonio
650 _aDisturbio Animal
773 0 _tBoletim do Instituto de Pesca (Brazil)
_xISSN 0046-9939
_g(1998-1999), v. 25 p. 61-66
_wBR0100373
909 _a202311
_bLúcia
_c55
_dLúcia Elande
942 _2AGRIS
_n0
_cANA
999 _c165418
_d165418